书目信息 |
| 题名: |
平面构成
|
|
| 作者: | 夏镜湖 编著 | |
| 分册: | ||
| 出版信息: | 重庆 西南师范大学出版社 2001 |
|
| 页数: | 134页 | |
| 开本: | 26cm | |
| 丛书名: | 二十一世纪设计家丛书 | |
| 单 册: | ||
| 中图分类: | J061 | |
| 科图分类: | 48.331 | |
| 主题词: | 平面构成--设计 | |
| 电子资源: | ||
| ISBN: | 7-5621-1553-2 | |
| 000 | 00732nam2 2200265 45 | |
| 001 | 0197013467 | |
| 005 | 20070621155928.42 | |
| 010 | @a7-5621-1553-2@dCNY58.00 | |
| 100 | @a19970603d2001 y0chiy0121 ea | |
| 101 | 0 | @achi |
| 102 | @aCN@b510000 | |
| 105 | @aa z 000yy | |
| 200 | 10 | @a平面构成@Aping mian gou cheng@f夏镜湖编著 |
| 205 | @a新1版 | |
| 210 | @a重庆@c西南师范大学出版社@d2001 | |
| 215 | @a134页@d26cm | |
| 225 | 2 | @a二十一世纪设计家丛书@dArt design series@zeng |
| 410 | 0 | @120010@a二十一世纪设计家丛书 |
| 510 | 1 | @aPlane construction@zeng |
| 606 | @a平面构成@x设计 | |
| 690 | @aJ061@v3 | |
| 692 | @a48.331 | |
| 701 | 0 | @a夏镜湖@Axia jing hu@4编著 |
| 801 | 0 | @aCN@bTSSF@c20070621 |
| 905 | @a10447@dJ061@e200 | |
| 平面构成/夏镜湖编著.-新1版.-重庆:西南师范大学出版社,2001 |
| 134页;26cm.-(二十一世纪设计家丛书=Art design series) |
| ISBN 7-5621-1553-2:CNY58.00 |
| ● |
| 相关链接 |
|
|
|
|
正题名:平面构成
索取号:J061/200
 
预约/预借
| 序号 | 登录号 | 条形码 | 馆藏地/架位号 | 状态 | 备注 |
| 1 | 0666956 | 206669568 | 第一样本阅览室/ [索取号:J061/200] | 在馆 | |
| 2 | 0666957 | 206669577 | 密集书库/ [索取号:J061/200] | 在馆 |